| 000 | 00441nam a22001337a 4500 | ||
|---|---|---|---|
| 082 |
_a388.049 _bNAT _cD |
||
| 100 |
_aAdkins, G. William _938518 |
||
| 245 |
_aValues of time savings of commercial saving. _cG. William Adkins |
||
| 260 |
_aTexas : _bTexas Transportation Institute Texas A & M Universtiy College Station Texas. _c1967. |
||
| 300 | _a41 p. : | ||
| 526 |
_a0 _b0 _c0 _d388_049000000000000_NAT |
||
| 650 |
_aD _96527 |
||
| 942 |
_2ddc _cBK |
||
| 999 |
_c543138 _d543138 |
||